| 000 | 01641nam a2200325 a 4500 | ||
|---|---|---|---|
| 003 | CO-PeBPR | ||
| 005 | 20260429093646.0 | ||
| 008 | 260415e2025 ck a|||| n||| 00| 0 spa c | ||
| 020 | _a9786287609303 | ||
| 040 | 0 |
_aCO-PeBPR _bspa _cCO-PeBPR _erda |
|
| 041 | 0 | _hspa | |
| 082 | 0 | 4 | _a(i) Br863 P671m |
| 100 | 1 |
_aPiroli, Wander _d1931 _eautor |
|
| 245 |
_aMatador _c/ Wander Piroli ; ilustraciones de Odilon Moraes ; traducción de Beatriz Eugenia Peña Trujillo |
||
| 250 | _aEdición especial | ||
| 264 | 1 |
_aBogotá, Colombia _b: Babel Libros _c, 2025 |
|
| 300 |
_a40 páginas _b: ilustraciones a color _c; 23 centímetros |
||
| 336 |
_atexto _btxt _crdacontenido |
||
| 337 |
_asin mediación _bn _2rdamedio |
||
| 338 |
_avolumen _bnc _2rdasoporte |
||
| 490 | _aPlan Nacional de Lectura, Escritura y Oralidad / Ministerio de las Culturas, las Artes y los Saberes. | ||
| 520 | _aLa vergüenza de confesar el primer error nos lleva a muchos otros. Esta es la sentencia de La Fontaine que sirve de epígrafe a la historia de El Matador, un libro álbum que da cuenta de la crueldad a la que se puede ser compelido durante la infancia por el temor de parecer diferente a los demás. Una corta historia despiadada que al final rotos varios corazones, sin remedio. Tomado de la contracubierta del libro. | ||
| 521 | _aRecomendado para 7 a 12 años. | ||
| 650 | 1 | 4 |
_2LEMB _aCuentos infantiles brasileños |
| 650 | 1 | 4 |
_2LEMB _aRemordimiento en la literatura |
| 650 | 1 | 4 |
_2LEMB _aCulpa moral en niños en la literatura |
| 700 | 1 |
_aMoraes, Odilon _d1966 _eilustrador |
|
| 700 | 1 |
_aPeña Trujillo, Beatriz Eugenia _etraductora |
|
| 942 |
_2ddc _cBKINF |
||
| 999 |
_c17815 _d17815 |
||